Score 0/15 Timer 06:00
0 Plays Today
Book Author % Correct
The Color PurpleAlice Walker
98%
I Know Why the Caged Bird SingsMaya Angelou
92%
The Bluest EyeToni Morrison
88%
Invisible ManRalph Ellison
72%
RootsAlex Haley
72%
Black BoyRichard Wright
64%
FencesAugust Wilson
46%
Waiting to ExhaleTerry McMillan
34%
Book Author % Correct
A Lesson Before DyingErnest Gaines
28%
The Return of SimpleLangston Hughes
18%
PassingNella Larsen
16%
A Love of My OwnE. Lynn Harris
12%
Middle PassageCharles Richard Johnson
10%
Life is Short But WideJ. California Cooper
10%
Makes Me Wanna HollaNathan McCall
8%
Come Together.
Have Fun.
All Virtual.
We all need to come together. Play Sporcle's virtual live trivia to have fun, connect with people, and get your trivia on. Join a live hosted trivia game for your favorite pub trivia experience done virtually. If a virtual private party is more your thing, go here for details.

You're not logged in!

Compare scores with friends on all Sporcle quizzes.
OR
Log In

Sporcle TV

Today on Sporcle TV


Watch our educational content, quiz creation guides, and fun videos on Sporcle TV.

Show Comments

Extras

Top Quizzes Today


Score Distribution

Paid Content

Your Account Isn't Verified!

In order to create a playlist on Sporcle, you need to verify the email address you used during registration. Go to your Sporcle Settings to finish the process.

Report this User

Report this user for behavior that violates our Community Guidelines.

Details: